| 000 | 00430nam a22001337a 4500 | ||
|---|---|---|---|
| 008 | 230711b |||||||| |||| 00| 0 eng d | ||
| 020 | _a9789998094703 | ||
| 082 | _a300.72 | ||
| 100 | _aPhanchung S Chitra, Tshering Choden, Tshering Om Tamang, Pema Choezom | ||
| 245 | _aReaching new heights through policy research and practice | ||
| 260 |
_bInstitute for GNH Studies, _cNovember, 2020 |
||
| 300 |
_a110 p. _c24.5 cm |
||
| 942 | _2ddc | ||
| 999 |
_c9605 _d9606 |
||